| 000 | 00443nam a22001697a 4500 | ||
|---|---|---|---|
| 003 | MACL | ||
| 005 | 20160116144417.0 | ||
| 008 | 160116b xxu||||| |||| 00| 0 eng d | ||
| 040 | _cMACL | ||
| 041 | _aEnglish | ||
| 082 | _a891/GNO | ||
| 100 |
_aGhosh Nityapriya _914283 |
||
| 245 | _aThe 1319 Nobel Prize For Literature To Rabindranath Tagore | ||
| 260 |
_aKolkata _bDeys Publishing _c2011 |
||
| 650 |
_aLiterature _932903 |
||
| 942 |
_2ddc _cBK |
||
| 999 |
_c52644 _d52644 |
||